Breaking Holiday News! Quiz Stats

 Plays Quiz not verified by Sporcle

Score 0/15 Timer 05:00
0 Plays Today
Hint Answer % Correct
Groundhog Day
94.5%
St. Patrick's Day
93.4%
Valentine's Day
92.3%
Thanksgiving
82%
Columbus Day
82%
Pi Day
79.9%
Mardi Gras
79%
Star Wars Day
76.1%
Hint Answer % Correct
Bastille Day
75.9%
Cinco de Mayo
74.3%
Hanukkah
74.2%
Christmas/Yule
72.4%
Guy Fawkes Night
68.9%
April Fools Day
64.8%
Festivus
56.7%

You're not logged in!

Compare scores with friends on all Sporcle quizzes.
OR
Log In

Show Comments

Extras

Top Quizzes Today


Score Distribution

Your Account Isn't Verified!

In order to create a playlist on Sporcle, you need to verify the email address you used during registration. Go to your Sporcle Settings to finish the process.

Report this User

Report this user for behavior that violates our Community Guidelines.

Details: